[Event "Deutsche Ländermeisterschaft 2012"]
[Site "Hannover GER"]
[Date "2012.09.30"]
[Round "2"]
[White "Vogel, Roven"]
[Black "Perske, Thore"]
[Result "1-0"]
[Termination "normal"]
[Board "3.4"]
[WhiteTitle "12"]
[BlackTitle "14"]
[WhiteElo "1993"]
[BlackElo "2056"]
[WhiteTeam "Sachsen"]
[BlackTeam "Rheinland-Pfalz"]
[PlyCount "89"]
[WhiteFideId "12908088"]
[BlackFideId "12902195"]
[EventCountry "GER"]
[EventRounds "7"]
[EventType "team-swiss"]
[EventDate "2012.09.28"]

1. d4 Nf6 2. c4 g6 3. Nc3 Bg7 4. e4 d6 5. Nf3 O-O 6. Be2 e5 7. O-O Nc6 8. d5
Ne7 9. b4 Nh5 10. Re1 Nf4 11. Bf1 f5 12. Qb3 h6 13. Bxf4 exf4 14. e5 g5 15. c5
Ng6 16. exd6 cxd6 17. Rad1 Kh7 18. Nb5 dxc5 19. bxc5 b6 20. c6 a6 21. Na3 g4
22. Nd2 b5 23. Ndb1 Qd6 24. Nc2 f3 25. g3 h5 26. Nd4 h4 27. Ne6 Bxe6 28. Rxe6
Qc5 29. Qe3 Qxe3 30. fxe3 hxg3 31. hxg3 Ne5 32. Kf2 Rfe8 33. Rxe8 Rxe8 34. a4
Nf7 35. d6 Be5 36. d7 Rb8 37. axb5 axb5 38. Rd5 Bc7 39. Nc3 Nd6 40. Rxd6 Bxd6
41. Nxb5 Be5 42. c7 Bxc7 43. Nxc7 Rb2+ 44. Kg1 Rd2 45. Ne6 1-0

[Event "Deutsche Ländermeisterschaft 2012"]
[Site "Hannover GER"]
[Date "2012.09.30"]
[Round "2"]
[White "Nobis, Anna"]
[Black "Schwarz, Larissa"]
[Result "1-0"]
[Termination "normal"]
[Board "3.6"]
[WhiteTitle "14w"]
[BlackTitle "14w"]
[WhiteElo "1666"]
[BlackElo "1900"]
[WhiteTeam "Sachsen"]
[BlackTeam "Rheinland-Pfalz"]
[PlyCount "53"]
[WhiteFideId "1270302"]
[BlackFideId "24699004"]
[EventCountry "GER"]
[EventRounds "7"]
[EventType "team-swiss"]
[EventDate "2012.09.28"]

1. e4 c5 2. Nf3 e6 3. d4 cxd4 4. Nxd4 a6 5. Bd3 Nc6 6. Nxc6 bxc6 7. O-O Nf6 8.
Nc3 d5 9. e5 Nd7 10. f4 Bc5+ 11. Kh1 O-O 12. Qh5 g6 13. Qh6 Re8 14. g4 Bf8 15.
Qh3 c5 16. Be2 Bg7 17. g5 Bb7 18. Bf3 Qc7 19. Rg1 Nf8 20. Nd1 d4 21. Nf2 Rab8
22. Ne4 Bxe4 23. Bxe4 Red8 24. Rg3 Qa5 25. Qf1 Qb5 26. Qe1 Rd7 27. Rb3 1-0

[Event "Deutsche Ländermeisterschaft 2012"]
[Site "Hannover GER"]
[Date "2012.09.30"]
[Round "2"]
[White "Muckle, Julius"]
[Black "Kempe, Anne"]
[Result "1-0"]
[Termination "normal"]
[Board "3.7"]
[WhiteTitle "12"]
[BlackTitle "14w"]
[WhiteElo "1760"]
[BlackElo "1703"]
[WhiteTeam "Rheinland-Pfalz"]
[BlackTeam "Sachsen"]
[PlyCount "119"]
[WhiteFideId "12942430"]
[BlackFideId "12918083"]
[EventCountry "GER"]
[EventRounds "7"]
[EventType "team-swiss"]
[EventDate "2012.09.28"]

1. d4 Nf6 2. c4 g6 3. Nc3 Bg7 4. e4 d6 5. f3 O-O 6. Be3 a6 7. Qd2 Nbd7 8. Be2
c5 9. d5 Qa5 10. f4 Nb6 11. h3 Na4 12. Nxa4 Qxa4 13. Bd3 Ne8 14. Nf3 Nc7 15. b3
Qd7 16. Rb1 b5 17. b4 cxb4 18. Rxb4 a5 19. Rb1 b4 20. Bd4 Bxd4 21. Nxd4 Na6 22.
a3 Bb7 23. axb4 Nxb4 24. Nc2 Nxc2+ 25. Bxc2 Qc7 26. Bd3 Ba6 27. Qe3 Rab8 28.
O-O Rxb1 29. Rxb1 Rb8 30. Rxb8+ Qxb8 31. Kh2 Qc7 32. Kg3 Qc5 33. Qxc5 dxc5 34.
Kf3 a4 35. Bc2 Bxc4 36. Bxa4 f5 37. Bc2 fxe4+ 38. Kxe4 Bf1 39. Kf3 Kf7 40. h4
Ke8 41. g3 Kd7 42. f5 Kd6 43. fxg6 hxg6 44. Bxg6 Bc4 45. Be4 Bxd5 46. Bxd5 Kxd5
47. h5 Ke6 48. Ke4 Kf6 49. Kd5 e5 50. Kxc5 Kf5 51. Kd5 e4 52. Kd4 Kg4 53. Kxe4
Kxh5 54. Kf5 Kh6 55. g4 Kh7 56. Kf6 Kh6 57. g5+ Kh7 58. Kf7 Kh8 59. Kg6 Kg8 60.
Kh6 1-0

[Event "Deutsche Ländermeisterschaft 2012"]
[Site "Hannover GER"]
[Date "2012.09.30"]
[Round "2"]
[White "Halas, Julia"]
[Black "Sanati, Charlotte"]
[Result "0-1"]
[Termination "normal"]
[Board "3.8"]
[WhiteTitle "12w"]
[BlackTitle "12w"]
[WhiteElo "1613"]
[BlackElo "1607"]
[WhiteTeam "Sachsen"]
[BlackTeam "Rheinland-Pfalz"]
[PlyCount "118"]
[WhiteFideId "12931810"]
[BlackFideId "12907707"]
[EventCountry "GER"]
[EventRounds "7"]
[EventType "team-swiss"]
[EventDate "2012.09.28"]

1. d4 d5 2. c4 c6 3. Nc3 Nf6 4. Bg5 e6 5. Nf3 Nbd7 6. e3 Qa5 7. Bxf6 Nxf6 8.
Nd2 Bb4 9. Qc2 O-O 10. Bd3 Bd7 11. O-O Rfe8 12. a3 Bd6 13. c5 Bf8 14. b4 Qc7
15. Nf3 g6 16. a4 Bg7 17. Rfb1 b6 18. Ne5 Qd8 19. Ra2 Qe7 20. cxb6 axb6 21. a5
bxa5 22. bxa5 Reb8 23. Rxb8+ Rxb8 24. Na4 Qb4 25. Nc5 Be8 26. Ra1 Ra8 27. a6
Nh5 28. Nf3 Bf8 29. Rc1 Be7 30. Qc3 Qb8 31. Rb1 Qc8 32. Rb6 Nf6 33. Ne5 Bd6 34.
Nf3 Nd7 35. Nxd7 Bxd7 36. g3 Ra7 37. Qb2 Ra8 38. Kg2 Bc7 39. Rb7 Qd8 40. Rb3
Bc8 41. Ra3 Bd6 42. Ra2 Qc7 43. Nd2 c5 44. dxc5 Bxc5 45. Nb3 Bb6 46. Qd2 Qa7
47. Qe2 Bd7 48. Bb5 Rd8 49. Bxd7 Rxd7 50. Qb5 Rd8 51. Qc6 Rb8 52. Ra4 Bxe3 53.
fxe3 Rxb3 54. e4 Rb2+ 55. Kh3 h5 56. exd5 Qf2 57. Kh4 Qf6+ 58. Kh3 Qf5+ 59. g4
Rb3+ 0-1

[Event "Deutsche Ländermeisterschaft 2012"]
[Site "Hannover GER"]
[Date "2012.09.30"]
[Round "2"]
[White "Mundorf, Johannes"]
[Black "Schmitt, Philipp"]
[Result "1-0"]
[Termination "normal"]
[Board "4.1"]
[WhiteTitle "18"]
[BlackTitle "20"]
[WhiteElo "2161"]
[BlackElo "2200"]
[WhiteTeam "Nordrhein-Westfalen"]
[BlackTeam "Baden"]
[PlyCount "75"]
[WhiteFideId "24672491"]
[BlackFideId "24641766"]
[EventCountry "GER"]
[EventRounds "7"]
[EventType "team-swiss"]
[EventDate "2012.09.28"]

1. Nf3 d5 2. g3 c6 3. Bg2 Bg4 4. c4 Nd7 5. cxd5 cxd5 6. Qa4 Ngf6 7. Nc3 Bxf3 8.
Bxf3 e6 9. e4 dxe4 10. Nxe4 Nd5 11. O-O Be7 12. Nc3 N5b6 13. Qb5 a6 14. Qe2 Qc8
15. d4 O-O 16. Bf4 g5 17. Bd2 Nc4 18. Nd5 Bd8 19. Rac1 exd5 20. Bxd5 b5 21. b3
Ndb6 22. Bxa8 Qxa8 23. bxc4 Nxc4 24. Bb4 Qd5 25. Bxf8 Kxf8 26. Rxc4 bxc4 27.
Rc1 Qxd4 28. Qxc4 Qd6 29. Qc5 Qxc5 30. Rxc5 f6 31. g4 Ke7 32. Rc6 a5 33. Ra6
Kd7 34. h3 Kc8 35. a4 Kb7 36. Re6 Kc7 37. Kf1 Kd7 38. Ra6 1-0

[Event "Deutsche Ländermeisterschaft 2012"]
[Site "Hannover GER"]
[Date "2012.09.30"]
[Round "2"]
[White "Becker, Matthias"]
[Black "Florstedt, Johannes"]
[Result "1-0"]
[Termination "normal"]
[Board "4.2"]
[WhiteTitle "18"]
[BlackTitle "16"]
[WhiteElo "2024"]
[BlackElo "2056"]
[WhiteTeam "Baden"]
[BlackTeam "Nordrhein-Westfalen"]
[PlyCount "65"]
[WhiteFideId "12915564"]
[BlackFideId "12922293"]
[EventCountry "GER"]
[EventRounds "7"]
[EventType "team-swiss"]
[EventDate "2012.09.28"]

1. e4 e6 2. d4 d5 3. Nc3 Bb4 4. e5 b6 5. Nge2 Ba6 6. g3 c5 7. a3 Bxc3+ 8. Nxc3
Bxf1 9. Kxf1 Ne7 10. Bg5 O-O 11. Qg4 Qd7 12. Bxe7 Qxe7 13. Ne2 cxd4 14. Nxd4
Nd7 15. Re1 Rac8 16. Kg2 Rc4 17. c3 Nc5 18. f4 f5 19. exf6 Rxf6 20. Qf3 Ne4 21.
Qd3 Qc5 22. Rhf1 b5 23. Nf3 a5 24. Ne5 Ra4 25. Nd7 Qc6 26. Nxf6+ gxf6 27. f5 e5
28. Re2 Rc4 29. Rd1 Rc5 30. Rxe4 dxe4 31. Qd8+ Kg7 32. Rd6 Qxd6 33. Qxf6+ 1-0

[Event "Deutsche Ländermeisterschaft 2012"]
[Site "Hannover GER"]
[Date "2012.09.30"]
[Round "2"]
[White "Schröder, Kevin"]
[Black "Frey, Alisa"]
[Result "0-1"]
[Termination "normal"]
[Board "4.3"]
[WhiteTitle "12"]
[BlackTitle "20w"]
[WhiteElo "2009"]
[BlackElo "2005"]
[WhiteTeam "Nordrhein-Westfalen"]
[BlackTeam "Baden"]
[PlyCount "118"]
[WhiteFideId "12929840"]
[BlackFideId "24634662"]
[EventCountry "GER"]
[EventRounds "7"]
[EventType "team-swiss"]
[EventDate "2012.09.28"]

1. e4 e5 2. Nf3 Nc6 3. Bb5 a6 4. Ba4 Nf6 5. d3 b5 6. Bb3 Be7 7. O-O d6 8. c3
O-O 9. Re1 Na5 10. Bc2 c5 11. Nbd2 Nc6 12. Nf1 Re8 13. Ne3 Bf8 14. Nd5 Nxd5 15.
exd5 Ne7 16. d4 exd4 17. cxd4 Nxd5 18. Bg5 f6 19. Qd3 g6 20. dxc5 Rxe1+ 21.
Rxe1 Bb7 22. c6 Bxc6 23. Bb3 fxg5 24. Bxd5+ Bxd5 25. Qxd5+ Kh8 26. Nxg5 Qa5 27.
Kf1 Rc8 28. Qf7 Qc7 29. Qxc7 Rxc7 30. Re8 Rc1+ 31. Ke2 Kg7 32. Ra8 Be7 33. Ra7
Rc2+ 34. Ke3 Rxb2 35. Rxe7+ Kf6 36. Ra7 Kxg5 37. Rxa6 b4 38. g3 Kf5 39. h4 Ke5
40. f4+ Ke6 41. Kf3 h5 42. Rb6 Kd5 43. g4 Kc5 44. gxh5 Kxb6 45. hxg6 Rxa2 46.
g7 Ra8 47. h5 b3 48. h6 b2 49. h7 b1=Q 50. g8=Q Qh1+ 51. Kf2 Qh2+ 52. Kf3 Ra3+
53. Kg4 Qh3+ 54. Kg5 Ra5+ 55. Kf6 Qf5+ 56. Kg7 Ra7+ 57. Kh6 Qxf4+ 58. Kg6 Qe4+
59. Kf6 Qe7+ 0-1

[Event "Deutsche Ländermeisterschaft 2012"]
[Site "Hannover GER"]
[Date "2012.09.30"]
[Round "2"]
[White "Spiegelberg, Silvia"]
[Black "Kuckling, Hannah"]
[Result "0-1"]
[Termination "normal"]
[Board "4.4"]
[WhiteTitle "16w"]
[BlackTitle "16w"]
[WhiteElo "1900"]
[BlackElo "1845"]
[WhiteTeam "Baden"]
[BlackTeam "Nordrhein-Westfalen"]
[PlyCount "124"]
[WhiteFideId "24654450"]
[BlackFideId "24603660"]
[EventCountry "GER"]
[EventRounds "7"]
[EventType "team-swiss"]
[EventDate "2012.09.28"]

1. e4 c5 2. Nf3 e6 3. d4 cxd4 4. Nxd4 Nc6 5. Nb5 d6 6. c4 a6 7. N5a3 Nf6 8. Nc3
Be7 9. Be2 O-O 10. O-O Qc7 11. Be3 b6 12. Qb3 Nd7 13. Rac1 Nc5 14. Qc2 Bb7 15.
f3 Rad8 16. Rfd1 Bf6 17. Qd2 Rfe8 18. Nc2 a5 19. Nb5 Qb8 20. b3 Ba6 21. Nca3
Nb4 22. Bf4 Be5 23. Bxe5 dxe5 24. Qe3 Nxa2 25. Ra1 Nb4 26. Qc3 f6 27. Kh1 Re7
28. Nc2 Nc6 29. b4 axb4 30. Nxb4 Bxb5 31. cxb5 Nd4 32. Bc4 Red7 33. Re1 Rc7 34.
Qb2 Rcc8 35. Rec1 Rd7 36. Na6 Nxa6 37. Rxa6 Rdc7 38. Qa2 Kh8 39. h3 Nxb5 40.
Rb1 Nc3 41. Raxb6 Qxb6 42. Rxb6 Nxa2 43. Bxa2 Rc6 44. Bxe6 Rxb6 45. Bxc8 g6 46.
Kh2 Rb2 47. Kg3 Kg7 48. h4 Kf7 49. Bh3 Ke7 50. Kg4 h5+ 51. Kg3 Kd6 52. Bc8 Rb8
53. Bh3 Rf8 54. Kf2 f5 55. exf5 gxf5 56. Ke3 Ke7 57. Kd3 Kf6 58. g4 hxg4 59.
fxg4 Ra8 60. Bg2 Ra3+ 61. Ke2 fxg4 62. Kf2 Kg6 0-1

[Event "Deutsche Ländermeisterschaft 2012"]
[Site "Hannover GER"]
[Date "2012.09.30"]
[Round "2"]
[White "Sabirov, Ramil"]
[Black "Riehle, Marco"]
[Result "1-0"]
[Termination "normal"]
[Board "4.5"]
[WhiteTitle "14"]
[BlackTitle "14"]
[WhiteElo "1841"]
[BlackElo "1818"]
[WhiteTeam "Nordrhein-Westfalen"]
[BlackTeam "Baden"]
[PlyCount "81"]
[WhiteFideId "12900303"]
[BlackFideId "12904392"]
[EventCountry "GER"]
[EventRounds "7"]
[EventType "team-swiss"]
[EventDate "2012.09.28"]

1. Nf3 c5 2. b3 Nf6 3. Bb2 d5 4. e3 Nc6 5. Bb5 a6 6. Bxc6+ bxc6 7. d3 Bg4 8. h3
Bh5 9. Nbd2 e6 10. Qe2 Be7 11. O-O-O a5 12. g4 Bg6 13. Ne5 Qc7 14. h4 Bd6 15.
f4 h5 16. g5 Ng4 17. Nxg4 hxg4 18. Bxg7 Rh7 19. Bb2 Bh5 20. Qg2 a4 21. Rdf1
axb3 22. axb3 c4 23. dxc4 Qa5 24. f5 Ba3 25. Nb1 Bxb2+ 26. Kxb2 f6 27. Kc1 Rb7
28. Qd2 Qa2 29. Qc3 e5 30. gxf6 d4 31. exd4 e4 32. Re1 Bf7 33. Rxe4+ Kf8 34. h5
Ra4 35. Qb2 Qxb2+ 36. Kxb2 Rxc4 37. h6 Kg8 38. Rxg4+ Kh8 39. Nd2 Rcb4 40. Ra1
Bd5 41. Ra8+ 1-0

[Event "Deutsche Ländermeisterschaft 2012"]
[Site "Hannover GER"]
[Date "2012.09.30"]
[Round "2"]
[White "Martin, Julian"]
[Black "Flüchter, Gregor"]
[Result "1/2-1/2"]
[Termination "normal"]
[Board "4.6"]
[WhiteTitle "12"]
[BlackTitle "14"]
[WhiteElo "1784"]
[BlackElo "1951"]
[WhiteTeam "Baden"]
[BlackTeam "Nordrhein-Westfalen"]
[PlyCount "96"]
[WhiteFideId "12941000"]
[BlackFideId "12903396"]
[EventCountry "GER"]
[EventRounds "7"]
[EventType "team-swiss"]
[EventDate "2012.09.28"]

1. e4 c5 2. Nf3 d6 3. d4 cxd4 4. Nxd4 Nf6 5. Nc3 a6 6. f3 e5 7. Nb3 Be6 8. Be3
Be7 9. Qd2 O-O 10. g4 d5 11. exd5 Nxd5 12. Nxd5 Bxd5 13. Bg2 Bh4+ 14. Bf2 Bxf2+
15. Qxf2 Bxb3 16. axb3 Nc6 17. O-O Qg5 18. c3 f5 19. Qe2 f4 20. Rfd1 Qg6 21.
Rd7 Rab8 22. Rad1 Rfe8 23. h4 Qe6 24. Qe4 Rbd8 25. Rxd8 Rxd8 26. Rxd8+ Nxd8 27.
Bf1 b5 28. Bd3 g6 29. c4 Qd6 30. h5 Kg7 31. Kf1 Nf7 32. cxb5 axb5 33. Ke2 Qb6
34. g5 gxh5 35. Qxh7+ Kf8 36. Qe4 Qc5 37. b4 Qc1 38. g6 Qxb2+ 39. Bc2 Nd6 40.
g7+ Ke7 41. g8=N+ Kf8 42. Qg6 Qd4 43. Nf6 Qe3+ 44. Kd1 Qxf3+ 45. Kc1 Qa3+ 46.
Kd1 Qf3+ 47. Kc1 Qa3+ 48. Kd1 Qf3+ 1/2-1/2

[Event "Deutsche Ländermeisterschaft 2012"]
[Site "Hannover GER"]
[Date "2012.09.30"]
[Round "2"]
[White "Schrader, Elanor"]
[Black "Wiesner, Paula"]
[Result "0-1"]
[Termination "normal"]
[Board "4.7"]
[WhiteTitle "18w"]
[BlackTitle "14w"]
[WhiteElo "1769"]
[BlackElo "1810"]
[WhiteTeam "Nordrhein-Westfalen"]
[BlackTeam "Baden"]
[PlyCount "70"]
[WhiteFideId "12951919"]
[BlackFideId "24654019"]
[EventCountry "GER"]
[EventRounds "7"]
[EventType "team-swiss"]
[EventDate "2012.09.28"]

1. e4 e6 2. d4 d5 3. Nc3 Bb4 4. e5 Ne7 5. a3 Bxc3+ 6. bxc3 b6 7. Qg4 Ng6 8. Bg5
Qd7 9. h4 h5 10. Qf3 Ba6 11. Bxa6 Nxa6 12. Ne2 c5 13. Ng3 Qa4 14. Nxh5 Rh7 15.
Bf6 Rxh5 16. Qxh5 gxf6 17. exf6 cxd4 18. Qh7 dxc3 19. h5 Nf8 20. Qd3 Nb4 21.
Qxc3 Nxc2+ 22. Kd2 Nxa1 23. Rxa1 Qc4 24. h6 Qxc3+ 25. Kxc3 Nh7 26. Rh1 Kd7 27.
Kd4 Nxf6 28. g4 Nxg4 29. h7 Rh8 30. Rg1 Nf6 31. Ke5 Ke7 32. Rc1 Rxh7 33. Rc7+
Nd7+ 34. Kd4 Rh4+ 35. Ke3 Ra4 0-1

[Event "Deutsche Ländermeisterschaft 2012"]
[Site "Hannover GER"]
[Date "2012.09.30"]
[Round "2"]
[White "Lohrmann, Tabea"]
[Black "Möller, Lisa-Marie"]
[Result "1-0"]
[Termination "normal"]
[Board "4.8"]
[WhiteTitle "12w"]
[BlackTitle "12w"]
[WhiteElo "1449"]
[BlackElo "1347"]
[WhiteTeam "Baden"]
[BlackTeam "Nordrhein-Westfalen"]
[PlyCount "93"]
[WhiteFideId "12911941"]
[BlackFideId "12959367"]
[EventCountry "GER"]
[EventRounds "7"]
[EventType "team-swiss"]
[EventDate "2012.09.28"]

1. e4 c5 2. Nf3 a6 3. c4 e6 4. d4 cxd4 5. Nxd4 Nf6 6. Nc3 Qc7 7. Be2 Be7 8. O-O
O-O 9. Be3 b6 10. Rc1 Bb7 11. f3 d6 12. b3 Nc6 13. Qd2 Rfd8 14. Nc2 Rac8 15.
Rfd1 Ne5 16. Bf1 d5 17. exd5 exd5 18. Nxd5 Nxd5 19. cxd5 Rxd5 20. Qe2 Bc5 21.
Rxd5 Bxd5 22. Kh1 Qd6 23. Nb4 Bb7 24. Bxc5 Rxc5 25. Rxc5 bxc5 26. Nxa6 Bxa6 27.
Qxa6 Qxa6 28. Bxa6 Kf8 29. Kg1 Ke7 30. Bc4 f6 31. Kf2 Kd6 32. Ke3 Kc6 33. Ke4
Kd6 34. a4 Kc6 35. a5 Kd6 36. a6 Kc6 37. a7 Kb7 38. a8=Q+ Kxa8 39. Kd5 Kb7 40.
Kxc5 Nd7+ 41. Kd6 Ne5 42. Ke7 Kc6 43. Kf8 g6 44. Kg7 h5 45. Kxf6 Nxc4 46. bxc4
Kc5 47. Kxg6 1-0

[Event "Deutsche Ländermeisterschaft 2012"]
[Site "Hannover GER"]
[Date "2012.09.30"]
[Round "2"]
[White "Mertens, Fridolin"]
[Black "Krause, Benedict"]
[Result "0-1"]
[Termination "normal"]
[Board "5.1"]
[WhiteTitle "18"]
[BlackTitle "16"]
[WhiteElo "2040"]
[BlackElo "2074"]
[WhiteTeam "Sachsen-Anhalt"]
[BlackTeam "Schleswig-Holstein"]
[PlyCount "126"]
[WhiteFideId "24671940"]
[BlackFideId "12917990"]
[EventCountry "GER"]
[EventRounds "7"]
[EventType "team-swiss"]
[EventDate "2012.09.28"]

1. e4 c6 2. c4 d5 3. exd5 cxd5 4. cxd5 Nf6 5. Nc3 Nxd5 6. Nf3 Nc6 7. Bb5 e6 8.
O-O Be7 9. d4 O-O 10. Re1 a6 11. Bd3 b5 12. Ne5 Nxe5 13. dxe5 Bb7 14. Qh5 g6
15. Qe2 Nxc3 16. bxc3 Qd5 17. Be4 Qxe4 18. Qxe4 Bxe4 19. Rxe4 Rac8 20. Bd2 Rfd8
21. Be1 Ba3 22. Rb1 Rd5 23. Kf1 Kg7 24. f3 g5 25. g3 Kg6 26. Ke2 h5 27. Rb3 Bf8
28. f4 Kf5 29. Re3 gxf4 30. gxf4 Rc4 31. Bg3 Bh6 32. Rb4 Rxb4 33. cxb4 Rd4 34.
a3 Bxf4 35. Bxf4 Rxf4 36. Kd3 Rf2 37. h3 h4 38. Kd4 Kf4 39. Rc3 Rd2+ 40. Kc5
Kxe5 41. Kb6 Rd6+ 42. Kc5 Rd5+ 43. Kb6 f5 44. Kxa6 f4 45. a4 bxa4 46. b5 Kd4
47. Ra3 Kc5 48. b6 Rd6 49. Rc3+ Kb4 50. Rf3 e5 51. Ka7 a3 52. b7 Rd7 53. Rf2
Kb3 54. Rf3+ Kc2 55. Rxa3 e4 56. Kb6 Rxb7+ 57. Kxb7 e3 58. Kc6 e2 59. Ra2+ Kd3
60. Ra3+ Kd2 61. Ra2+ Ke3 62. Ra3+ Kf2 63. Ra2 Kf1 0-1

[Event "Deutsche Ländermeisterschaft 2012"]
[Site "Hannover GER"]
[Date "2012.09.30"]
[Round "2"]
[White "Powierski, Emil"]
[Black "Mertens, Pauline"]
[Result "1-0"]
[Termination "normal"]
[Board "5.2"]
[WhiteTitle "16"]
[BlackTitle "20w"]
[WhiteElo "2137"]
[BlackElo "2036"]
[WhiteTeam "Schleswig-Holstein"]
[BlackTeam "Sachsen-Anhalt"]
[PlyCount "89"]
[WhiteFideId "4656199"]
[BlackFideId "24671959"]
[EventCountry "GER"]
[EventRounds "7"]
[EventType "team-swiss"]
[EventDate "2012.09.28"]

1. e4 c5 2. Nf3 d6 3. d4 cxd4 4. Nxd4 Nf6 5. Nc3 a6 6. Be2 e6 7. O-O Nbd7 8. f4
b5 9. Bf3 Bb7 10. Qe2 Qc7 11. a3 Rc8 12. Kh1 Be7 13. Bd2 O-O 14. Rae1 Nb6 15.
e5 dxe5 16. fxe5 Nfd7 17. Bxb7 Qxb7 18. Qg4 Rfe8 19. Bh6 Bf8 20. Ne4 Nxe5 21.
Nf6+ Kh8 22. Bxg7+ Bxg7 23. Qh4 h6 24. Rxe5 Nd5 25. Nxe8 Rxe8 26. Re2 Rf8 27.
c3 Qd7 28. Qe4 Nf6 29. Qe3 Nd5 30. Qh3 Kh7 31. Qd3+ Kh8 32. Ree1 Qd6 33. Qf3
Qd7 34. Rf2 Kg8 35. Qe4 Qd6 36. Ref1 Qd7 37. Rf3 Qd8 38. Nxe6 Qe7 39. Qxd5 fxe6
40. Rxf8+ Bxf8 41. Qa8 Qd6 42. g4 Kg7 43. Qxf8+ Qxf8 44. Rxf8 Kxf8 45. Kg2 1-0

[Event "Deutsche Ländermeisterschaft 2012"]
[Site "Hannover GER"]
[Date "2012.09.30"]
[Round "2"]
[White "Marx, Inga"]
[Black "Kitze, Alexander"]
[Result "0-1"]
[Termination "normal"]
[Board "5.4"]
[WhiteTitle "18w"]
[BlackTitle "12"]
[WhiteElo "1785"]
[BlackElo "1853"]
[WhiteTeam "Schleswig-Holstein"]
[BlackTeam "Sachsen-Anhalt"]
[PlyCount "58"]
[WhiteFideId "4654749"]
[BlackFideId "12914827"]
[EventCountry "GER"]
[EventRounds "7"]
[EventType "team-swiss"]
[EventDate "2012.09.28"]

1. e4 c5 2. Nf3 d6 3. d4 cxd4 4. Nxd4 Nf6 5. Nc3 a6 6. g3 b5 7. Bg2 Bb7 8. O-O
e6 9. a3 Nbd7 10. h3 Be7 11. Kh2 Qc7 12. f4 Nc5 13. Qe2 O-O 14. g4 h6 15. Kh1
Rac8 16. Bf3 Qd7 17. Qg2 Qc7 18. g5 hxg5 19. fxg5 Nfd7 20. g6 Ne5 21. gxf7+
Rxf7 22. Bh6 Nxf3 23. Rxf3 Bf6 24. Raf1 Nxe4 25. Nxe6 Qe7 26. Kg1 Qxe6 27. Nxe4
Bxe4 28. Rxf6 Bxg2 29. Rxf7 Bxf1 0-1

[Event "Deutsche Ländermeisterschaft 2012"]
[Site "Hannover GER"]
[Date "2012.09.30"]
[Round "2"]
[White "Pallas, Sebastian"]
[Black "Kololli, Kevin"]
[Result "1-0"]
[Termination "normal"]
[Board "5.5"]
[WhiteTitle "12"]
[BlackTitle "12"]
[WhiteElo "1824"]
[BlackElo "1860"]
[WhiteTeam "Sachsen-Anhalt"]
[BlackTeam "Schleswig-Holstein"]
[PlyCount "57"]
[WhiteFideId "12905453"]
[BlackFideId "12936863"]
[EventCountry "GER"]
[EventRounds "7"]
[EventType "team-swiss"]
[EventDate "2012.09.28"]

1. e4 c5 2. Nf3 d6 3. d4 cxd4 4. Nxd4 Nf6 5. Nc3 g6 6. Be3 Bg7 7. f3 O-O 8. Bc4
Nc6 9. Qd2 Nxd4 10. Bxd4 Be6 11. Bxe6 fxe6 12. O-O-O Qa5 13. Kb1 b5 14. g4 b4
15. Ne2 Rfc8 16. h4 Rc6 17. h5 Rac8 18. c3 Qb5 19. hxg6 hxg6 20. Rc1 a5 21. g5
Nh5 22. Bxg7 Kxg7 23. Nd4 Qb6 24. Nxc6 Rxc6 25. Qd4+ e5 26. Qxb6 Rxb6 27. cxb4
axb4 28. Rc7 Kf7 29. Ra7 1-0

[Event "Deutsche Ländermeisterschaft 2012"]
[Site "Hannover GER"]
[Date "2012.09.30"]
[Round "2"]
[White "Janke, Hendrik"]
[Black "Heinemann, Josefine"]
[Result "0-1"]
[Termination "normal"]
[Board "5.6"]
[WhiteTitle "14"]
[BlackTitle "14w"]
[WhiteElo "1787"]
[BlackElo "1871"]
[WhiteTeam "Schleswig-Holstein"]
[BlackTeam "Sachsen-Anhalt"]
[PlyCount "62"]
[WhiteFideId "12921831"]
[BlackFideId "12900460"]
[EventCountry "GER"]
[EventRounds "7"]
[EventType "team-swiss"]
[EventDate "2012.09.28"]

1. e4 c5 2. Nc3 Nc6 3. g3 g6 4. Bg2 Bg7 5. Nge2 e6 6. d3 d6 7. Be3 e5 8. h3
Nge7 9. Qd2 Nd4 10. Nd1 Nxe2 11. Qxe2 b5 12. O-O O-O 13. f4 Rb8 14. g4 f5 15.
exf5 gxf5 16. g5 Ng6 17. Bd5+ Kh8 18. Qh5 Bb7 19. Bxb7 Rxb7 20. c3 Qe8 21. h4
Re7 22. fxe5 Rxe5 23. Bf2 Qa8 24. Bg3 f4 25. Bh2 Qd5 26. Nf2 Nxh4 27. Qxh4
Rxg5+ 28. Ng4 h5 29. Kf2 Rxg4 30. Qh3 f3 31. Bg3 Rf5 0-1

[Event "Deutsche Ländermeisterschaft 2012"]
[Site "Hannover GER"]
[Date "2012.09.30"]
[Round "2"]
[White "Stein, Robert"]
[Black "Rosmait, Emily"]
[Result "1-0"]
[Termination "normal"]
[Board "5.7"]
[WhiteTitle "12"]
[BlackTitle "14w"]
[WhiteElo "1644"]
[BlackElo "1634"]
[WhiteTeam "Sachsen-Anhalt"]
[BlackTeam "Schleswig-Holstein"]
[PlyCount "53"]
[WhiteFideId "12921084"]
[BlackFideId "12937754"]
[EventCountry "GER"]
[EventRounds "7"]
[EventType "team-swiss"]
[EventDate "2012.09.28"]

1. e4 e5 2. Nf3 Nc6 3. d4 exd4 4. Nxd4 Bc5 5. Nb3 Bb6 6. Nc3 d6 7. Bc4 Nf6 8.
Bg5 h6 9. Bh4 Bd7 10. Qe2 g5 11. Bg3 Qe7 12. O-O-O O-O-O 13. h4 Ne5 14. f3 Nxc4
15. Qxc4 Be6 16. Qa4 d5 17. hxg5 Nd7 18. exd5 Qxg5+ 19. Bf4 Be3+ 20. Bxe3 Qxe3+
21. Kb1 Bf5 22. Nd4 Bg6 23. Qxa7 Nb6 24. Rhe1 Qf2 25. Re2 Qh4 26. Nb3 Rhe8 27.
Nc5 1-0

[Event "Deutsche Ländermeisterschaft 2012"]
[Site "Hannover GER"]
[Date "2012.09.30"]
[Round "2"]
[White "Raum, Sebastian"]
[Black "Frischmann, Rick"]
[Result "0-1"]
[Termination "normal"]
[Board "6.1"]
[WhiteTitle "20"]
[BlackTitle "18"]
[WhiteElo "2159"]
[BlackElo "2150"]
[WhiteTeam "Niedersachsen 2"]
[BlackTeam "Saarland"]
[PlyCount "114"]
[WhiteFideId "24673935"]
[BlackFideId "24660752"]
[EventCountry "GER"]
[EventRounds "7"]
[EventType "team-swiss"]
[EventDate "2012.09.28"]

1. e4 c5 2. Nf3 e6 3. d4 cxd4 4. Nxd4 a6 5. Nc3 Qc7 6. g3 Bb4 7. Nde2 Nf6 8.
Bg2 O-O 9. Bf4 Qb6 10. O-O Be7 11. e5 Ne8 12. Ne4 f6 13. Nd6 Bxd6 14. exd6 Qxb2
15. Qd3 Qb5 16. c4 Qc5 17. Rfd1 Nc6 18. Be3 Qh5 19. Nf4 Qf7 20. c5 Kh8 21. Rab1
f5 22. Bd2 Nf6 23. Bc3 g5 24. Nh3 h6 25. f4 g4 26. Nf2 h5 27. Qe3 Qh7 28. Nd3
h4 29. Ne5 Qh5 30. gxh4 Qxh4 31. Be1 Qh6 32. Bg3 a5 33. Kf2 Kg8 34. Rh1 a4 35.
Ke2 Nh5 36. Kf2 a3 37. h3 Ra4 38. hxg4 fxg4 39. Rh4 Nxe5 40. Qxe5 Rf5 41. Qe2
Raxf4+ 42. Bxf4 Qxf4+ 43. Kg1 Qd4+ 44. Kh2 g3+ 45. Kh3 Nf4+ 46. Rxf4 Qxf4 47.
Rb3 Rg5 48. Bf3 Rg6 49. Kg2 Qh4 50. Kf1 Rf6 51. Kg1 Qd4+ 52. Kg2 Qxc5 53. Kxg3
Rg6+ 54. Bg4 Qxd6+ 55. Kf2 Qf4+ 56. Bf3 Rg5 57. Rc3 Qg3+ 0-1